000 00726cab a2200229 4500
001 ABS46100
008 090401t1992 xxu||||| |||| 00| 0 eng d
035 _a(Sirsi) u56831
041 _aeng
245 _aManaging a great estate
260 _c1992
350 _a0
490 _aRoyal Society of Arts Journal
_v160 (5427) March 1992, 245-254(10)
520 _aReport of a talk delivered to the Royal Society of Arts by His Grace, The Duke of Westminster on 27 November 1991 about his experiences of managing the Grosvenor Estates.
650 _aDUKE OF WESTMINSTER
650 _aGROSVENOR ESTATES
650 _aLANDED ESTATES
650 _aLONDON ESTATES
690 _aLAND
942 _n0
948 _c04/03/1997
999 _c34692
_d34692